| 000 | 00670nam a2200241Ia 4500 | ||
|---|---|---|---|
| 003 | OSt | ||
| 005 | 20221007075653.0 | ||
| 006 | a|||||r|||| 00| 0 | ||
| 007 | ta | ||
| 008 | 221006b |||||||| |||| 00| 0 eng d | ||
| 020 | _a8177080113 | ||
| 024 | _a9,018 | ||
| 037 | _cReference Collections | ||
| 040 |
_aFLL _cFLL _beng |
||
| 041 |
_2eng _aeng |
||
| 082 | _aLoZ, P1 | ||
| 100 |
_aSobti Renu Au. _9694103 |
||
| 245 | 0 | _aMedical services and consumer protection in India | |
| 260 |
_aNew Delhi _bNew century pub. India _c2001 |
||
| 300 |
_axiv,320p _ccm. |
||
| 942 |
_hLoZ, P1 _cREF _2CC |
||
| 999 |
_c1156957 _d1156957 |
||